All Lizzie McAlpine Songs (Updated June 2024) - Statistics

General Stats
  • This quiz has been taken 54 times
  • The average score is 40 of 62
Answer Stats
Hint Answer % Correct
five seconds flat ceilings
98%
five seconds flat doomsday
93%
Older Older
93%
five seconds flat orange show speedway
90%
Older The Elevator
90%
Older Vortex
90%
Older All Falls Down
88%
Give me a minute Give Me A Minute
85%
Older Come Down Soon
80%
Older Drunk, Running
80%
Older March
80%
Singles Over-the-ocean-call
80%
Give me a minute Over-The-Ocean-Call (Andrew)
80%
five seconds flat reckless driving (feat. Ben Kessler)
80%
Give me a minute Apple Pie
78%
five seconds flat firearm
78%
Give me a minute Pancakes For Dinner
78%
five seconds flat all my ghosts
76%
When The World Stopped Moving: The Live EP Angelina
76%
five seconds flat chemtrails
76%
Older Movie Star
76%
Give me a minute To The Mountains
76%
Older Broken Glass
73%
five seconds flat erase me (feat. Jacob Collier)
73%
Singles erase Me (With Jacob Collier)
73%
five seconds flat hate to be lame (feat. FINNEAS)
71%
Singles hate to be lame (With FINNEAS)
71%
Older I Guess
71%
five seconds flat weird (feat. Laura Elliot)
71%
Give me a minute Headstones And Land Mines
68%
When The World Stopped Moving: The Live EP Let Light Be Light
68%
Older Like It Tends To Do
68%
When The World Stopped Moving: The Live EP When The World Stopped Moving
68%
five seconds flat an ego thing
66%
Give me a minute Same Boat
63%
five seconds flat called you again
61%
Give me a minute I Knew
61%
Give me a minute Nothing / Sad N Stuff
61%
Older Staying
61%
Older You Forced Me To
61%
Older Better Than This
59%
five seconds flat nobody likes a secret
59%
five seconds flat what a shame
59%
Give me a minute How Do I Tell You?
56%
When The World Stopped Moving: The Live EP ...What Are We?
56%
Give me a minute You, Love (Interlude)
56%
Feat. Lizzy McAlpine Call Your Mom (Noah Kahan)
54%
Give me a minute Means Something
54%
When The World Stopped Moving: The Live EP Stupid
54%
Give me a minute Where Do I Go?
54%
When The World Stopped Moving: The Live EP In Agreement
49%
When The World Stopped Moving: The Live EP I Don't Know You At All
46%
When The World Stopped Moving: The Live EP In What World
46%
Singles Lady in blue
41%
Singles A Little Bit Of Everything
37%
Feat. Lizzy McAlpine You Could Start A Cult (Niall Horan)
37%
Singles I Think I (With Ben Kessler)
32%
Singles Hold On
29%
Feat. Lizzy McAlpine Never Gonna Be Alone (Jacob Collier and John Mayer)
24%
Singles False Art (With Ben Kessler)
20%
Singles Bored (With Thomas Headon)
17%
Feat. Lizzy McAlpine Hope (Tom Rosenthal)
12%
No matching quizzes found
Score Distribution
Percent of People with Each Score
Percentile by Number Answered
Your Score History
You have not taken this quiz